Potentialtheorie /
Guardado en:
| Autor Principal: | |
|---|---|
| Formato: | Libro |
| Idioma: | German |
| Publicado: |
Stuttgart :
B. G. Teubner,
1968.
|
| Series: | Leitfäden der angewandten Mathematik und Mechanik ;
Bd. 12 |
| Etiquetas: |
Agregar Etiqueta
Sin Etiquetas, Sea el primero en etiquetar este registro!
|
| LEADER | 00622cam a22001935 4500 | ||
|---|---|---|---|
| 001 | MAT.inmabb001841 | ||
| 008 | 770516s1968####gw#a#####b####001#0#ger#d | ||
| 005 | 20130222113603.0 | ||
| 245 | 1 | 0 | |a Potentialtheorie / |c von Erich Martensen. |
| 260 | |a Stuttgart : |b B. G. Teubner, |c 1968. | ||
| 300 | |a 266 p. : |b il. ; |c 22 cm. | ||
| 440 | 0 | |a Leitfäden der angewandten Mathematik und Mechanik ; |v Bd. 12 | |
| 500 | |a Incluye hoja con errata. | ||
| 504 | |a Notas bibliográficas al pie. | ||
| 510 | 4 | |a MR, |c 40 #385 | |
| 100 | 1 | |a Martensen, Erich. | |
| 084 | |a 31-02 |2 msc2000 | ||
| 010 | |a 76383322 | ||
| 859 | |h 31 |i M377 |p A-3313 |b BIB. MATEMATICA | ||
